Izbrannyje sočinenija v 2 tomach. Tom 2., P'jesy /

Hlavní autor: Hikmet Ran, Nazim, 1902-1963
Jazyk: Ruština
Vydáno: Moskva : Goslitizdat, 1957
Fyzický popis: 334 s.
Knihy
Uloženo v:
LEADER 00624nam a22002052a 4500
001 001413254
003 CZ BrMZK
005 20150112160115.0
007 ta
008 140819s1957 ru er|||||||||||rus d
040 |a BOA001  |b cze 
100 1 |a Hikmet Ran, Nazim,  |d 1902-1963  |7 jn19990003502  |4 aut 
245 1 0 |a Izbrannyje sočinenija v 2 tomach.  |n Tom 2.,  |p P'jesy /  |c Nazim Hikmet 
246 3 0 |a P'jesy 
260 |a Moskva :  |b Goslitizdat,  |c 1957 
300 |a 334 s. 
910 |a BOA001  |b 2-0394.828,2 
990 |a BK 
991 |b 201408 
996 7 |b 2619132650  |c 2-0394.828,2  |l MZK  |r Sklad / do 24 hodin  |n 0  |w 001448422  |u 000010  |a 1  |e BOA001  |j MZK50  |s A